| 000 | 01004njm a22002657a 4500 | ||
|---|---|---|---|
| 005 | 20100910154121.0 | ||
| 006 | a|||||r|||||00| 0 | ||
| 007 | sd ammalaaahaa | ||
| 008 | 100910t xxu||||| |||| 00| 0 hin d | ||
| 028 |
_a45-AE. 1517 _bHis Master's Voice |
||
| 035 | _aGR-01781 | ||
| 040 | _aSED/VEN | ||
| 100 |
_aMangeshkar, Lata _91184 |
||
| 245 |
_aHir Ranjha part. 1 / _cby Lata Mangeskar ; music Madan Mohan ; lyric Kaifi Azmi |
||
| 246 | _aहीर राँझा (लता मंगेशकर) | ||
| 260 |
_aDum Dum, India _bAngel Records _cn. d. |
||
| 300 |
_a1 sound disc : [Gramophone Record] _banalog, 45 rpm _c7 in _fGramophone Records |
||
| 500 | _aBrief record. | ||
| 505 | _aMilo na tum to (मिलो न तुम तो) पार्ट. 2 | ||
| 650 |
_2Classical music _xExcerpts _zIndia _919370 |
||
| 700 |
_aMadan Mohan _919371 |
||
| 700 |
_aKaifi Azmi _919372 |
||
| 942 |
_2ddc _cGR |
||
| 999 |
_c45243 _d45243 |
||